Normal view
MARC view
- Abu Ẓaby (United Arab Emirates : Emirate)
Entry Geographic Name
001 - CONTROL NUMBER
- control field: 511
003 - CONTROL NUMBER IDENTIFIER
- control field: NUST
005 - DATE AND TIME OF LATEST TRANSACTION
- control field: 20170511134354.0
008 - FIXED-LENGTH DATA ELEMENTS
- fixed length control field: 170511|| aca||aabn | a|a d
040 ## - CATALOGING SOURCE
- Original cataloging agency: NUST
- Transcribing agency: NUST
151 ## - HEADING--GEOGRAPHIC NAME
- Geographic name: Abu Ẓaby (United Arab Emirates : Emirate)
- General subdivision: Economic policy.
670 ## - SOURCE DATA FOUND
- Source citation: Work cat.: (NUST)14984: Davidson, Christopher M. (Christopher Michael) 509, Abu Dhabi :, c2009.
